[Event "Nova Gorica op 24th"]
[Site "Nova Gorica"]
[Date "2019.01.29"]
[Round "7"]
[White "Zlatanovic, Srdjan"]
[Black "Pagnutti, Lorenzo"]
[Result "0-1"]
[WhiteElo "1638"]
[BlackElo "1947"]
[PlyCount "64"]
[EventDate "2019.01.25"]
[EventType "swiss"]
[EventRounds "9"]
[EventCountry "SLO"]
[SourceTitle "CBM 188 Extra"]
[Source "ChessBase"]
[SourceDate "2019.02.26"]
[SourceVersion "1"]
[SourceVersionDate "2019.02.26"]
[SourceQuality "1"]

1. d4 Nf6 2. Nf3 d5 3. Bf4 e6 4. e3 Bd6 5. Bg3 0-0 6. Bd3 Nc6 7. c3 a5 8. a4 b6 9. Qe2 Ne7 10. Nbd2 c5 11. Rb1 Bb7 12. 0-0 Ng6 13. Bxd6 Qxd6 14. Bxg6 hxg6 15. Ne5 Ba6 16. c4 cxd4 17. exd4 dxc4 18. Ndxc4 Qxd4 19. Rfd1 Qh4 20. b3 Nd5 21. Qf3 Rad8 22. Nxb6 Bb7 23. Nbd7 Qg5 24. Nxf8 Qxe5 25. Nxg6 fxg6 26. Re1 Qf5 27. Qg3 Nf4 28. Qe3 Bxg2 29. Rbc1 Bd5 30. Rcd1 Rf8 31. Rd2 Qg5+ 32. Qg3 Nh3+ 0-1

[Event "Nova Gorica op 24th"]
[Site "Nova Gorica"]
[Date "2019.01.27"]
[Round "5"]
[White "Rigatti, Giorgio"]
[Black "Pagnutti, Lorenzo"]
[Result "1-0"]
[WhiteElo "1538"]
[BlackElo "1947"]
[PlyCount "97"]
[EventDate "2019.01.25"]
[EventType "swiss"]
[EventRounds "9"]
[EventCountry "SLO"]
[SourceTitle "CBM 188 Extra"]
[Source "ChessBase"]
[SourceDate "2019.02.26"]
[SourceVersion "1"]
[SourceVersionDate "2019.02.26"]
[SourceQuality "1"]

1. e4 e5 2. Nf3 Nc6 3. Bb5 a6 4. Ba4 Nf6 5. 0-0 b5 6. Bb3 Be7 7. Re1 d6 8. c3 Bg4 9. d3 0-0 10. Nbd2 Na5 11. Bc2 c5 12. Nf1 Nc6 13. Ng3 Nh5 14. h3 Bxf3 15. Qxf3 Nxg3 16. fxg3 Bg5 17. Rf1 Bxc1 18. Raxc1 Ra7 19. Rf2 Kh8 20. Rcf1 b4 21. Qh5 f6 22. Bb3 bxc3 23. bxc3 Qe7 24. g4 Raa8 25. Bd5 Rac8 26. g5 Nb8 27. g6 h6 28. g4 Nd7 29. g5 fxg5 30. Rf7 Rxf7 31. Rxf7 Nf6 32. Rxe7 Nxh5 33. Rd7 Nf4 34. Rxd6 Nxh3+ 35. Kh2 Nf4 36. Bb7 Rb8 37. Bxa6 Rb2+ 38. Kg1 Rb8 39. Bc4 g4 40. Kf2 h5 41. Kg3 Ne2+ 42. Kf2 Nxc3 43. Re6 Rb2+ 44. Kg3 Rb8 45. Rxe5 Ne2+ 46. Kf2 Nf4 47. Rf5 Rb2+ 48. Kg3 Rb8 49. Kxf4 1-0

[Event "Nova Gorica op 23rd"]
[Site "Nova Gorica"]
[Date "2018.01.31"]
[Round "8"]
[White "Ruzic, Pia Marie"]
[Black "Pagnutti, Lorenzo"]
[Result "0-1"]
[WhiteElo "1660"]
[BlackElo "1990"]
[PlyCount "126"]
[EventDate "2018.01.26"]
[EventType "swiss"]
[EventRounds "9"]
[EventCountry "SLO"]
[SourceTitle "CBM 182 Extra"]
[Source "ChessBase"]
[SourceDate "2018.02.23"]
[SourceVersion "1"]
[SourceVersionDate "2018.02.23"]
[SourceQuality "1"]

1. c4 Nf6 2. Nc3 e6 3. e4 Nc6 4. Nf3 Bb4 5. e5 Ng8 6. d4 d6 7. Bd2 dxe5 8. dxe5 Nge7 9. a3 Bxc3 10. Bxc3 0-0 11. Bd3 Ng6 12. 0-0 b6 13. Be4 Bb7 14. Qc2 Qc8 15. Rfe1 Nce7 16. Bd2 c5 17. Rad1 Rd8 18. Bg5 Rxd1 19. Rxd1 Bxe4 20. Qxe4 Qc6 21. Qd3 h6 22. Bd2 Nf5 23. g3 a5 24. h4 Ra7 25. Bc3 a4 26. h5 Nf8 27. g4 Ne7 28. Qe2 Rd7 29. Rd3 Nh7 30. Qd2 Rxd3 31. Qxd3 Nf8 32. Bd2 Qd7 33. Qe4 Qc6 34. Qf4 Nh7 35. Qe3 Qd7 36. Qe4 Qd8 37. Kg2 Qd7 38. g5 Nxg5 39. Nxg5 hxg5 40. Bxg5 Qc6 41. Kf3 Nf5 42. Qxc6 Nd4+ 43. Ke4 Nxc6 44. f4 Kf8 45. f5 exf5+ 46. Kxf5 Na5 47. Bd8 Nxc4 48. Ke4 Ke8 49. Kd5 Ne3+ 50. Ke4 Kxd8 51. Kxe3 Kd7 52. Kf4 Ke6 53. Ke4 b5 54. Kf4 b4 55. Ke4 bxa3 56. bxa3 c4 57. Kd4 c3 58. Kxc3 Kxe5 59. Kb4 f5 60. Kxa4 f4 61. Kb5 f3 62. a4 f2 63. a5 f1Q+ 0-1

[Event "Nova Gorica op 23rd"]
[Site "Nova Gorica"]
[Date "2018.01.28"]
[Round "4"]
[White "Zlatanovic, Srdjan"]
[Black "Pagnutti, Lorenzo"]
[Result "0-1"]
[WhiteElo "1558"]
[BlackElo "1990"]
[PlyCount "42"]
[EventDate "2018.01.26"]
[EventType "swiss"]
[EventRounds "9"]
[EventCountry "SLO"]
[SourceTitle "CBM 182 Extra"]
[Source "ChessBase"]
[SourceDate "2018.02.23"]
[SourceVersion "1"]
[SourceVersionDate "2018.02.23"]
[SourceQuality "1"]

1. d4 Nf6 2. Nf3 e6 3. Bf4 c5 4. e3 Nc6 5. c3 d5 6. Bb5 Bd7 7. Bxc6 Bxc6 8. Ne5 cxd4 9. exd4 Qb6 10. Qb3 Qa6 11. Nxc6 bxc6 12. Nd2 Be7 13. Qc2 0-0 14. b4 Nd7 15. a4 Rfe8 16. Bg3 f6 17. f4 Bd6 18. 0-0-0 e5 19. fxe5 fxe5 20. Rde1 Rab8 21. Rhf1 e4 0-1

[Event "Nova Gorica op 22nd"]
[Site "Nova Gorica"]
[Date "2017.02.02"]
[Round "9"]
[White "Juretic, Lejla"]
[Black "Pagnutti, Lorenzo"]
[Result "0-1"]
[WhiteElo "1857"]
[BlackElo "1962"]
[PlyCount "92"]
[EventDate "2017.01.27"]
[EventType "swiss"]
[EventRounds "9"]
[EventCountry "SLO"]
[SourceTitle "CBM 176 Extra"]
[Source "ChessBase"]
[SourceDate "2017.03.02"]
[SourceVersion "1"]
[SourceVersionDate "2017.03.02"]
[SourceQuality "1"]

1. e4 e5 2. Nf3 Nc6 3. Bb5 a6 4. Ba4 Nf6 5. 0-0 b5 6. Bb3 Be7 7. Re1 d6 8. c3 0-0 9. h3 Na5 10. Bc2 c5 11. d4 Qc7 12. Nbd2 cxd4 13. cxd4 Bb7 14. Nf1 Rfe8 15. Ng3 h6 16. Nf5 Bf8 17. d5 Bc8 18. N3h4 g5 19. Nf3 Bxf5 20. exf5 Rac8 21. Bb1 Qb7 22. Be4 Nc4 23. Qd3 Nb6 24. b3 Nxe4 25. Rxe4 Nxd5 26. Re1 Nb4 27. Qd2 Nc2 28. Bb2 Nxa1 29. Bxa1 f6 30. Rd1 d5 31. Bb2 d4 32. Qe2 Re7 33. Nh2 Qd7 34. Qe4 h5 35. g4 h4 36. Nf3 Qc6 37. Qe2 Rec7 38. a3 Qd5 39. b4 Rc2 40. Rd2 Rxd2 41. Nxd2 Rc2 42. Ne4 Rxe2 43. Nxf6+ Kf7 44. Nxd5 Rxb2 45. Nc7 d3 46. Kf1 Rb1+ 0-1

[Event "Nova Gorica op 22nd"]
[Site "Nova Gorica"]
[Date "2017.01.27"]
[Round "1"]
[White "Vorobiov, Evgeny E"]
[Black "Pagnutti, Lorenzo"]
[Result "1-0"]
[WhiteElo "2585"]
[BlackElo "1962"]
[PlyCount "83"]
[EventDate "2017.01.27"]
[EventType "swiss"]
[EventRounds "9"]
[EventCountry "SLO"]
[SourceTitle "CBM 176 Extra"]
[Source "ChessBase"]
[SourceDate "2017.03.02"]
[SourceVersion "1"]
[SourceVersionDate "2017.03.02"]
[SourceQuality "1"]

1. d4 Nf6 2. c4 e6 3. Nf3 d5 4. Nc3 Bb4 5. cxd5 exd5 6. Bf4 0-0 7. e3 Nbd7 8. Bd3 Re8 9. 0-0 Nf8 10. h3 c6 11. Qc2 h6 12. a3 Bd6 13. Bxd6 Qxd6 14. b4 Be6 15. Na4 Rac8 16. Rfc1 g5 17. Nc5 Rc7 18. Ne5 Bc8 19. Bf5 Ne6 20. Bxe6 Bxe6 21. b5 cxb5 22. Ne4 Rxc2 23. Nxd6 Rxc1+ 24. Rxc1 Re7 25. Nxb5 a6 26. Nd6 Ne4 27. Nc8 Re8 28. Nb6 Re7 29. Nd3 a5 30. a4 f6 31. f3 Nd6 32. Kf2 Nc4 33. Nxc4 dxc4 34. Nc5 Bf7 35. g4 b6 36. Ne4 Kg7 37. Nc3 Rc7 38. Rb1 Rc6 39. e4 Rd6 40. Ke3 Kf8 41. d5 h5 42. Kd4 1-0

[Event "Nova Gorica op 21st"]
[Site "Nova Gorica"]
[Date "2016.01.31"]
[Round "4"]
[White "Juretic, Lejla"]
[Black "Pagnutti, Lorenzo"]
[Result "0-1"]
[WhiteElo "1513"]
[BlackElo "1998"]
[PlyCount "112"]
[EventDate "2016.01.29"]
[EventType "swiss"]
[EventRounds "9"]
[EventCountry "SLO"]
[SourceTitle "CBM 170 Extra"]
[Source "ChessBase"]
[SourceDate "2016.02.25"]
[SourceVersion "1"]
[SourceVersionDate "2016.02.25"]
[SourceQuality "1"]

1. d4 Nf6 2. Nf3 e6 3. e3 c5 4. Bd3 Nc6 5. 0-0 d5 6. b3 cxd4 7. exd4 Be7 8. Bb2 0-0 9. a3 b6 10. Nbd2 Bb7 11. Qe2 Rc8 12. Ne5 Nxe5 13. dxe5 Nd7 14. b4 a5 15. c3 d4 16. cxd4 axb4 17. axb4 Bxb4 18. Ne4 f5 19. exf6 Nxf6 20. Nxf6+ Qxf6 21. d5 Bc3 22. Bxc3 Rxc3 23. dxe6 Rc5 24. Rae1 Re8 25. Bb5 Re7 26. Qd3 Rd5 27. Qb3 Qg5 28. Bc6 Bxc6 29. Qxb6 Be8 30. f4 Qf6 31. Kh1 g6 32. Rf3 Rxe6 33. Qf2 Rxe1+ 34. Qxe1 Bf7 35. h3 Qd6 36. Qe4 Rd1+ 37. Kh2 Qd5 38. Qe3 Qd4 39. Qa3 Rd2 40. Qa8+ Kg7 41. Qb7 Qd5 42. Qxd5 Bxd5 43. Rg3 Kf6 44. Rg5 h6 45. Rg3 Kf5 46. Rg4 Rf2 47. Kg1 Rxf4 48. Rxf4+ Kxf4 49. Kh2 h5 50. h4 Kg4 51. g3 Bc6 52. Kg1 Kxg3 53. Kf1 Kxh4 54. Kf2 g5 55. Kf1 Kg3 56. Kg1 h4 0-1

[Event "Nova Gorica op 21st"]
[Site "Nova Gorica"]
[Date "2016.01.29"]
[Round "1"]
[White "Pagnutti, Lorenzo"]
[Black "Dajcman, Nikolaj"]
[Result "1-0"]
[WhiteElo "1998"]
[BlackElo "1408"]
[PlyCount "70"]
[EventDate "2016.01.29"]
[EventType "swiss"]
[EventRounds "9"]
[EventCountry "SLO"]
[SourceTitle "CBM 170 Extra"]
[Source "ChessBase"]
[SourceDate "2016.02.25"]
[SourceVersion "1"]
[SourceVersionDate "2016.02.25"]
[SourceQuality "1"]

1. e4 e6 2. d4 d5 3. e5 c5 4. c3 Nc6 5. Nf3 Qb6 6. a3 Bd7 7. b4 cxd4 8. cxd4 Nge7 9. Nc3 Nf5 10. Na4 Qc7 11. Bb2 a6 12. Bd3 Rc8 13. 0-0 Be7 14. Nc5 Bxc5 15. dxc5 Nce7 16. Rc1 0-0 17. g4 Nh6 18. h3 Bc6 19. Nd4 Ng6 20. f4 Nxe5 21. fxe5 Qxe5 22. Qe1 Qxe1 23. Rcxe1 Kh8 24. Re2 Bd7 25. Nf3 f6 26. g5 Ng8 27. gxf6 gxf6 28. Nh4 e5 29. Bf5 Bxf5 30. Nxf5 d4 31. Rd2 Rc7 32. Kf2 Ne7 33. Nxe7 Rxe7 34. Rxd4 Rg7 35. Rg4 Rd7 1-0

[Event "Nova Gorica op-A 20th"]
[Site "Nova Gorica"]
[Date "2015.02.02"]
[Round "6"]
[White "Pagnutti, Lorenzo"]
[Black "Subelj, Jan"]
[Result "0-1"]
[WhiteElo "2004"]
[BlackElo "1776"]
[PlyCount "148"]
[EventDate "2015.01.30"]
[EventType "swiss"]
[EventRounds "9"]
[EventCountry "SLO"]
[SourceTitle "CBM 164 Extra"]
[Source "ChessBase"]
[SourceDate "2015.03.02"]
[SourceVersion "1"]
[SourceVersionDate "2015.03.02"]
[SourceQuality "1"]

1. e4 e5 2. Nf3 Nc6 3. Bc4 Bc5 4. c3 Nf6 5. d3 h6 6. 0-0 d6 7. Nbd2 Ne7 8. d4 exd4 9. cxd4 Bb6 10. Re1 0-0 11. Qc2 d5 12. e5 Bf5 13. Bd3 Bxd3 14. Qxd3 Nh7 15. Nb3 Qd7 16. Bd2 Rfe8 17. Rac1 Nf8 18. Nc5 Bxc5 19. Rxc5 Ne6 20. Rc2 b6 21. b4 b5 22. Rec1 Nc8 23. Rc6 a6 24. Be3 Nb6 25. R6c2 Nc4 26. h3 Qe7 27. Qb3 a5 28. Rb1 axb4 29. Bc1 Ra4 30. Qd3 Rea8 31. Qe2 c6 32. Rb3 Qa7 33. Be3 Rxa2 34. Rxb4 Ra1+ 35. Kh2 Qa3 36. Bd2 Nf4 37. Bxf4 Qxb4 38. e6 Qe7 39. exf7+ Qxf7 40. Bg3 Rb1 41. Ra2 Re8 42. Qd3 Rb2 43. Ra6 Rc8 44. Qc3 Qb7 45. Ra1 b4 46. Qc1 b3 47. Qe1 Qf7 48. Ra7 Qxa7 49. Qe6+ Qf7 50. Qxc8+ Kh7 51. Ne5 Nxe5 52. dxe5 Rxf2 53. e6 Qf6 54. Bxf2 Qxf2 55. e7 b2 56. Qb8 Qe2 57. e8Q Qxe8 58. Qxe8 b1Q 59. Qxc6 d4 60. Qd5 Qb8+ 61. Kg1 Qf4 62. Qd7 Qe4 63. Qa4 Qe3+ 64. Kf1 d3 65. Qd1 d2 66. Qc2+ Kg8 67. Qc4+ Kf8 68. Qb4+ Kf7 69. Qc4+ Kg6 70. Qc2+ Kg5 71. Qd1 h5 72. Qb1 Kh4 73. g3+ Kxg3 74. Qg6+ Kh4 0-1

[Event "Nova Gorica op-A 20th"]
[Site "Nova Gorica"]
[Date "2015.01.31"]
[Round "2"]
[White "Mestek, Igor"]
[Black "Pagnutti, Lorenzo"]
[Result "1/2-1/2"]
[WhiteElo "2169"]
[BlackElo "2004"]
[PlyCount "136"]
[EventDate "2015.01.30"]
[EventType "swiss"]
[EventRounds "9"]
[EventCountry "SLO"]
[SourceTitle "CBM 164 Extra"]
[Source "ChessBase"]
[SourceDate "2015.03.02"]
[SourceVersion "1"]
[SourceVersionDate "2015.03.02"]
[SourceQuality "1"]

1. e4 e5 2. d4 exd4 3. Nf3 Nc6 4. Nxd4 Bc5 5. Nb3 Bb6 6. Nc3 Nf6 7. Qe2 d6 8. f3 Be6 9. Be3 Qe7 10. 0-0-0 0-0 11. g4 Ne5 12. g5 Nfd7 13. Nd5 Bxd5 14. Rxd5 Nc6 15. h4 Nb4 16. Rd1 Nxa2+ 17. Kb1 Nb4 18. Nd4 Rfe8 19. Bh3 Nf8 20. Nf5 Qd8 21. h5 Nc6 22. Qc4 Bxe3 23. Nxe3 Qxg5 24. Nf5 Ne6 25. Rdg1 Qf6 26. Rg3 Kh8 27. Bf1 Ne7 28. Rhg1 Nxf5 29. exf5 Qxf5 30. Bh3 Qxh5 31. Bxe6 Rxe6 32. Rxg7 Rae8 33. Qc3 Qe5 34. Qxc7 R6e7 35. Qc4 Qe1+ 36. Rxe1 Rxe1+ 37. Ka2 Kxg7 38. Qd4+ f6 39. Qg4+ Kf8 40. Qf5 Kg7 41. Qg4+ Kf7 42. Qd7+ R8e7 43. Qxd6 R1e5 44. Qb4 h5 45. b3 b6 46. Kb2 Kg6 47. Qc4 Kg7 48. Qh4 Rc5 49. b4 Rg5 50. Qh3 a5 51. c3 axb4 52. cxb4 b5 53. Kc3 Kh6 54. Qc8 Kg7 55. Kd4 Rg1 56. Qh3 Rd1+ 57. Kc5 Re5+ 58. Kc6 Rc1+ 59. Kb6 Rc4 60. Ka5 Rc3 61. Qd7+ Kg6 62. f4 Ra3+ 63. Kb6 Re4 64. f5+ Kg5 65. Qh7 Rxb4 66. Qg6+ Kf4 67. Qxf6 Rba4 68. Qh6+ Kxf5 1/2-1/2

[Event "Nova Gorica op-A 17th"]
[Site "Nova Gorica"]
[Date "2012.01.30"]
[Round "6"]
[White "Zavrtanik, Lenart"]
[Black "Pagnutti, Lorenzo"]
[Result "1/2-1/2"]
[WhiteElo "1689"]
[BlackElo "1998"]
[PlyCount "123"]
[EventDate "2012.01.27"]
[EventType "swiss"]
[EventRounds "9"]
[EventCountry "SLO"]
[SourceTitle "CBM 146 Extra"]
[Source "ChessBase"]
[SourceDate "2012.02.29"]
[SourceVersion "1"]
[SourceVersionDate "2012.02.29"]
[SourceQuality "1"]

1. d4 Nf6 2. Nf3 g6 3. c4 Bg7 4. Nc3 0-0 5. Bf4 d6 6. e3 Nbd7 7. h3 c5 8. Be2 b6 9. d5 Nh5 10. Bh2 Bxc3+ 11. bxc3 Ndf6 12. Nd2 Ng7 13. Qc2 Nfe8 14. 0-0 f5 15. e4 f4 16. Nf3 e5 17. Kh1 g5 18. Ng1 Nf6 19. g4 Bd7 20. Nf3 h6 21. Nd2 Nge8 22. a4 Nc7 23. a5 bxa5 24. Rfb1 a4 25. Bd1 Rb8 26. Qa2 Rxb1 27. Rxb1 Qa8 28. Bxa4 Rb8 29. Bxd7 Rxb1+ 30. Qxb1 Nxd7 31. Bg1 Nb6 32. f3 Kf7 33. Bf2 Ke7 34. h4 Qe8 35. Kg2 Kf6 36. Qh1 Kg7 37. Be1 a5 38. hxg5 hxg5 39. Bf2 a4 40. Qb1 Qb8 41. Kf1 Ne8 42. Ke2 Nf6 43. Kd3 Nfd7 44. Qb2 Qh8 45. Ke2 Qh1 46. Be1 Kf6 47. Qb5 Ke7 48. Nb1 Qh8 49. Na3 Qa8 50. Kd3 Qa7 51. Qc6 Nb8 52. Qb5 Na8 53. Kc2 Nc7 54. Qb2 Qa8 55. Bd2 Nd7 56. Bc1 Qa6 57. Bd2 Nb6 58. Kd3 Nd7 59. Be1 Qa8 60. Ke2 Qc8 61. Qc2 Qa8 62. Qb2 1/2-1/2

[Event "Nova Gorica op-A 17th"]
[Site "Nova Gorica"]
[Date "2012.01.28"]
[Round "2"]
[White "Tomazini, Zan"]
[Black "Pagnutti, Lorenzo"]
[Result "1/2-1/2"]
[WhiteElo "2262"]
[BlackElo "1998"]
[PlyCount "98"]
[EventDate "2012.01.27"]
[EventType "swiss"]
[EventRounds "9"]
[EventCountry "SLO"]
[SourceTitle "CBM 146 Extra"]
[Source "ChessBase"]
[SourceDate "2012.02.29"]
[SourceVersion "1"]
[SourceVersionDate "2012.02.29"]
[SourceQuality "1"]

1. e4 e5 2. Nf3 Nc6 3. d4 exd4 4. Nxd4 Bc5 5. Nb3 Bb6 6. Qe2 d6 7. Be3 Nf6 8. Nc3 Be6 9. 0-0-0 Qe7 10. f3 0-0-0 11. Bxb6 axb6 12. Nd4 Nxd4 13. Rxd4 Kb8 14. Qd2 Nd7 15. Bb5 Ne5 16. Rd1 g5 17. Be2 f6 18. Ra4 Qf7 19. Nb5 Bd7 20. Qb4 Bxb5 21. Bxb5 c5 22. Qd2 Kc7 23. Kb1 Rhf8 24. Ra7 Kb8 25. Ra3 Kc7 26. Rc3 Qe6 27. a4 h6 28. b3 f5 29. exf5 Rxf5 30. Re3 Rf6 31. Rde1 Qf7 32. Qc3 Kb8 33. Kb2 Rf4 34. Rd1 Qf6 35. Kb1 Kc7 36. Re2 h5 37. Red2 Nxf3 38. Rd3 Qxc3 39. Rxc3 Ne5 40. Rh3 h4 41. Rd2 Rdf8 42. Re3 Rf2 43. Ree2 Rxe2 44. Rxe2 Rf7 45. h3 Rf4 46. Kb2 Kd8 47. Kc3 Ke7 48. Kb2 Kd8 49. Kc3 Kc7 1/2-1/2

[Event "Nova Gorica op-A 16th"]
[Site "Nova Gorica"]
[Date "2011.02.03"]
[Round "9"]
[White "Fantini, Marco"]
[Black "Pagnutti, Lorenzo"]
[Result "0-1"]
[WhiteElo "1963"]
[BlackElo "2080"]
[PlyCount "98"]
[EventDate "2011.01.28"]
[EventType "swiss"]
[EventRounds "9"]
[EventCountry "SLO"]
[SourceTitle "CBM 140 Extra"]
[Source "ChessBase"]
[SourceDate "2011.03.01"]
[SourceVersion "1"]
[SourceVersionDate "2011.03.01"]
[SourceQuality "1"]

1. d4 Nf6 2. f3 d5 3. e4 dxe4 4. Nc3 e3 5. Bd3 e6 6. Nge2 Nc6 7. Bxe3 Be7 8. Qd2 a6 9. a3 b5 10. 0-0 Bb7 11. Kh1 0-0 12. Ng3 Kh8 13. Qf2 Nd5 14. Nxd5 Qxd5 15. Ne2 Rad8 16. Rfd1 Qd7 17. b4 Bf6 18. Be4 Qc8 19. Rac1 Ne7 20. Nf4 g6 21. c4 Nf5 22. Ne2 Nd6 23. cxb5 axb5 24. Nc3 Qa8 25. Bxb7 Qxb7 26. Ne4 Bg7 27. Ng5 h6 28. Ne4 Nf5 29. Ng3 Nxe3 30. Qxe3 Rd5 31. Rd3 Kh7 32. Ne2 e5 33. dxe5 Rxe5 34. Qd2 Rfe8 35. Ng3 R8e7 36. Rd7 Qb6 37. Rxe7 Rxe7 38. Ne4 f5 39. Nc5 Qf6 40. g3 Qb2 41. Rc2 Qxa3 42. Kg2 Qa8 43. Qd3 Qe8 44. Na6 Be5 45. Qd5 Bd6 46. Kh3 f4 47. g4 h5 48. Nc5 hxg4+ 49. Kxg4 Re5 0-1

[Event "Nova Gorica op-A 16th"]
[Site "Nova Gorica"]
[Date "2011.02.02"]
[Round "8"]
[White "Pagnutti, Lorenzo"]
[Black "Vidic, Teja"]
[Result "1-0"]
[WhiteElo "2080"]
[BlackElo "1766"]
[PlyCount "81"]
[EventDate "2011.01.28"]
[EventType "swiss"]
[EventRounds "9"]
[EventCountry "SLO"]
[SourceTitle "CBM 140 Extra"]
[Source "ChessBase"]
[SourceDate "2011.03.01"]
[SourceVersion "1"]
[SourceVersionDate "2011.03.01"]
[SourceQuality "1"]

1. e4 e5 2. Nf3 Nc6 3. Bc4 Nf6 4. Ng5 d5 5. exd5 Na5 6. Bb5+ c6 7. dxc6 bxc6 8. Qf3 Rb8 9. Bd3 Bd6 10. Bf5 Ba6 11. d3 0-0 12. Nc3 g6 13. Bh3 c5 14. b3 Bb7 15. Qe2 Nh5 16. Nge4 Nf4 17. Bxf4 exf4 18. 0-0 Bc7 19. Qd2 Qh4 20. f3 Bb6 21. Na4 Rbc8 22. Bxc8 Rxc8 23. Nxb6 axb6 24. Nd6 Rd8 25. Nxb7 Nxb7 26. Rfe1 Nd6 27. a4 Nf5 28. Re4 Rd4 29. Rae1 g5 30. Rxd4 Nxd4 31. Re8+ Kg7 32. b4 cxb4 33. Qxb4 Ne6 34. Qe4 g4 35. Qe5+ Kh6 36. fxg4 Qxg4 37. Qf6+ Qg6 38. Qxg6+ Kxg6 39. Rb8 Nc5 40. Rxb6+ Kg7 41. a5 1-0

[Event "Nova Gorica op-A 16th"]
[Site "Nova Gorica"]
[Date "2011.02.01"]
[Round "7"]
[White "Matijevic, Filip"]
[Black "Pagnutti, Lorenzo"]
[Result "1-0"]
[WhiteElo "1885"]
[BlackElo "2080"]
[PlyCount "95"]
[EventDate "2011.01.28"]
[EventType "swiss"]
[EventRounds "9"]
[EventCountry "SLO"]
[SourceTitle "CBM 140 Extra"]
[Source "ChessBase"]
[SourceDate "2011.03.01"]
[SourceVersion "1"]
[SourceVersionDate "2011.03.01"]
[SourceQuality "1"]

1. e4 e5 2. Nf3 Nc6 3. d4 exd4 4. Nxd4 Bc5 5. Nb3 Bb6 6. Nc3 Nf6 7. Bg5 h6 8. Bh4 d6 9. f3 g5 10. Bg3 Qe7 11. Qd2 Bd7 12. 0-0-0 0-0-0 13. Bb5 Ne5 14. Bxd7+ Rxd7 15. Qe2 a6 16. Bf2 Bxf2 17. Qxf2 Nc6 18. Rhe1 Kb8 19. Nd4 Nxd4 20. Qxd4 Re8 21. Qf2 Rdd8 22. Nd5 Nxd5 23. exd5 Qf6 24. Rxe8 Rxe8 25. Qd4 Qe7 26. c3 f5 27. Kc2 f4 28. h4 Qf7 29. hxg5 hxg5 30. Rh1 b6 31. Qd3 Qe7 32. Qxa6 Qe2+ 33. Qxe2 Rxe2+ 34. Kb3 Rxg2 35. Rh8+ Kb7 36. Rg8 c5 37. a4 Kc7 38. Kc4 Rxb2 39. Rxg5 Rf2 40. Rg7+ Kc8 41. Kb5 Rxf3 42. Kc6 Kd8 43. Kxd6 Ke8 44. Kc7 Kf8 45. Rg4 Rxc3 46. Rxf4+ Ke8 47. d6 Rd3 48. Re4+ 1-0

[Event "Nova Gorica op-A 16th"]
[Site "Nova Gorica"]
[Date "2011.01.29"]
[Round "3"]
[White "Franca, Veronika"]
[Black "Pagnutti, Lorenzo"]
[Result "1/2-1/2"]
[WhiteElo "1808"]
[BlackElo "2080"]
[PlyCount "79"]
[EventDate "2011.01.28"]
[EventType "swiss"]
[EventRounds "9"]
[EventCountry "SLO"]
[SourceTitle "CBM 140 Extra"]
[Source "ChessBase"]
[SourceDate "2011.03.01"]
[SourceVersion "1"]
[SourceVersionDate "2011.03.01"]
[SourceQuality "1"]

1. d4 Nf6 2. c4 g6 3. Nc3 Bg7 4. e4 d6 5. Nf3 0-0 6. Be2 e5 7. d5 a5 8. Bg5 h6 9. Bh4 Nbd7 10. Nd2 Nc5 11. b3 Bd7 12. 0-0 Qe8 13. f3 Nh5 14. Nb5 Bxb5 15. cxb5 Nf4 16. Bf2 f5 17. Bc4 Kh7 18. Qc2 b6 19. Rab1 Qf7 20. Be3 Qe7 21. Kh1 Qf6 22. a3 Kh8 23. b4 axb4 24. axb4 Nd7 25. Ra1 Qd8 26. Bb3 Rxa1 27. Rxa1 Qb8 28. Bxf4 exf4 29. Rc1 fxe4 30. Nxe4 Nf6 31. Nxf6 Rxf6 32. Qxc7 Rf8 33. Qxb8 Rxb8 34. g3 Be5 35. gxf4 Bxf4 36. Rc4 g5 37. Bc2 Kg7 38. Rc7+ Kf6 39. Rh7 Ke5 40. Be4 1/2-1/2

[Event "Udine Oro Caffe op 3rd"]
[Site "Udine"]
[Date "2010.07.05"]
[Round "1"]
[White "Del Forno Sinicco, Michele"]
[Black "Pagnutti, Lorenzo"]
[Result "0-1"]
[WhiteElo "1802"]
[BlackElo "2095"]
[PlyCount "118"]
[EventDate "2010.07.05"]
[EventType "swiss"]
[EventRounds "7"]
[EventCountry "ITA"]
[SourceTitle "EXT 2024"]
[Source "ChessBase"]
[SourceDate "2023.10.10"]
[SourceVersion "1"]
[SourceVersionDate "2023.10.10"]
[SourceQuality "1"]

1. e4 e5 2. Nf3 Nc6 3. Bb5 Nf6 4. 0-0 Bc5 5. Nxe5 Nxe5 6. d4 a6 7. Ba4 b5 8. Bb3 Bxd4 9. Qxd4 d6 10. Bg5 c5 11. Bxf6 gxf6 12. Bxf7+ Kxf7 13. Qd2 Bb7 14. Nc3 Rg8 15. Qf4 Rg4 16. Qf5 Qg8 17. f4 Bc8 18. Qh5+ Qg6 19. Qxg6+ Nxg6 20. Nd5 Ne7 21. Ne3 Rg8 22. Rad1 Bb7 23. e5 Nf5 24. e6+ Kxe6 25. Rfe1 Nxe3 26. Rxe3+ Kd7 27. Rd2 Rae8 28. Red3 d5 29. b3 Re4 30. g3 Rge8 31. Kf2 f5 32. Kf3 h5 33. Kf2 Kd6 34. c3 a5 35. a3 c4 36. bxc4 Rxc4 37. Kg2 Kc5 38. Kh3 Ra4 39. Ra2 Rae4 40. Rdd2 Re3 41. Rac2 Kc4 42. Rd4+ Kb3 43. Rc1 Bc6 44. Rdd1 a4 45. Ra1 Rxc3 46. Rdb1+ Kc4 47. Rc1 d4 48. Kh4 Re2 49. Kxh5 Rxh2+ 50. Kg5 Be4 51. Re1 Rxg3+ 52. Kf6 Rh6+ 53. Ke5 Rh8 54. Rec1+ Rc3 55. Rg1 Re8+ 56. Kd6 Rc8 57. Ke5 Bc2 58. Rg5 d3 59. Rxf5 Rc5+ 0-1